00370nam a2200157Ia 4500003000400000005001700004008004100021040000700062041000800069082001900077100003300096245003100129250000600160260003300166365001300199OSt20230525111031.0210423s2002 xx 000 0 und d cAL aeng a658.3 BHAH223 aBHATTACHARYYA (Dipak Kumar). aHuman resource management. a7 aNew DelhibExcel Booksc2002 b295cINR